MARC

LEADER 00000nam0a2200000 4500
001 318932
005 20231102003128.0
035 |a (RuTPU)RU\TPU\book\344437 
090 |a 318932 
100 |a 20160513d1981 m y0rusy50 ca 
101 0 |a rus 
102 |a RU 
105 |a a j 001zy 
200 1 |a Несущие конструкции и механизмы РЭА  |e учебник  |f Г. И. Рощин 
210 |a Москва  |c Высшая школа  |d 1981 
215 |a 375 с.  |c ил. 
320 |a Библиогр.: с. 370-371 
606 1 |a Радиоэлектронная аппаратура  |x Детали и узлы  |x Допуски и посадки  |2 stltpush  |3 (RuTPU)RU\TPU\subj\23394  |9 48002 
610 1 |a учебники 
610 1 |a типовые механизмы 
610 1 |a конструкции 
610 1 |a эксплуатация 
610 1 |a нормирование 
610 1 |a материалы 
610 1 |a трение 
610 1 |a зубчатые передачи 
610 1 |a червячные передачи 
610 1 |a винт-гайка передача 
610 1 |a прерывистое движение 
610 1 |a мальтийские механизмы 
610 1 |a размерные цепи 
610 1 |a расчет 
610 1 |a точность 
610 1 |a точность 
610 1 |a оси 
610 1 |a поступательное движение 
610 1 |a вращательное движение 
610 1 |a неразъемные соединения 
610 1 |a разъемные соединения 
610 1 |a пружины 
610 1 |a фиксаторы 
610 1 |a ограничители 
610 1 |a муфты 
610 1 |a электрические машины 
610 1 |a настройка 
610 1 |a отсчетные устройства 
610 1 |a радиолокационные антенны 
610 1 |a записывающие устройства 
610 1 |a дистанционное управление 
610 1 |a синхронно-следящие системы 
610 1 |a проектирование 
675 |a 621.396.69(075.8)  |v 4 
700 1 |a Рощин  |b Г. И.  |g Григорий Иванович 
801 1 |a RU  |b 63413507  |c 20160513 
801 2 |a RU  |b 63413507  |c 20160523  |g RCR 
942 |c BK